|
|
|
|
| LEADER |
01718cas a2200241 a 4500 |
| 001 |
AALejournalIMF020501 |
| 008 |
230101c9999 xx r poo 0 0eng d |
| 020 |
|
|
|c 5.00 USD
|
| 020 |
|
|
|z 9781498340663
|
| 022 |
|
|
|a 2663-3493
|
| 040 |
|
|
|a BD-DhAAL
|c BD-DhAAL
|
| 110 |
2 |
|
|a International Monetary Fund.
|
| 245 |
1 |
0 |
|a Enhancing Financial Sector Surveillance in Low-Income Countries :
|b Background Paper.
|
| 264 |
|
1 |
|a Washington, D.C. :
|b International Monetary Fund,
|c 2012.
|
| 300 |
|
|
|a 1 online resource (105 pages)
|
| 490 |
1 |
|
|a Policy Papers
|
| 500 |
|
|
|a <strong>Off-Campus Access:</strong> No User ID or Password Required
|
| 500 |
|
|
|a <strong>On-Campus Access:</strong> No User ID or Password Required
|
| 506 |
|
|
|a Electronic access restricted to authorized BRAC University faculty, staff and students
|
| 520 |
3 |
|
|a This note provides an overview of the literature on the challenges posed by shallow financial systems for macroeconomic policy implementation. Countries with shallow markets are more likely to choose fixed exchange rates, less likely to use indirect measures as instruments of monetary policy, and to implement effective counter-cyclical fiscal policies. But causation appears to work in both directions, as policy stances can themselves affect financial development. Drawing on recent FSAP reports, the note also shows that shallow financial markets tend to increase foreign exchange, liquidity management, and concentration risks, posing risks for financial stabilitya.
|
| 538 |
|
|
|a Mode of access: Internet
|
| 830 |
|
0 |
|a Policy Papers; Policy Paper ;
|v No. 2012/025
|
| 856 |
4 |
0 |
|z Full text available on IMF
|u http://elibrary.imf.org/view/journals/007/2012/025/007.2012.issue-025-en.xml
|z IMF e-Library
|